000 01072nam a2200277 4500
001 174610
003 ES-MaACL
005 20250831072603.0
008 100511s1801 sp p |||| | spa d
080 _a27(460)
100 1 _aFlórez, Enrique,
_d1702-1773
_9142679
240 1 0 _aEspaña sagrada
245 1 0 _aEspaña sagrada.
_nTomo XLII,
_pLas antiguedades civiles y eclesiásticas de las ciudades de Dertosa, Egara y Emporias con los documentos concernientes á los asuntos que se tratan /
_csu autor, Manuel Risco.
260 _aEn Madrid :
_ben la imprenta de la viuda de D. Joaquin Ibarra,
_c1801.
300 _aXVIII, 362 p. ;
_c20 cm.
504 _aApéndices, p. 279-354.
504 _aÍndice de cosas notables, p. 355-362.
546 _aTextos en latín, p. 279-330.
650 7 _2embne
_aHistoria eclesiástica
_913400
651 4 _aEspaña-
_xHistoria eclesiástica.
_98368
700 0 _aRisco, Manuel.
_997459
852 4 _aES-MaACL
_jR-1617-69
_x C-16767-818
942 _2udc
999 _c174610
_d174610